Jonathan Bown v Bristol City Council (Record no. 81715)

MARC details
000 -LEADER
fixed length control field 01330cad a22002175a 4500
001 - CONTROL NUMBER
control field E148077
008 - FIXED-LENGTH DATA ELEMENTS--GENERAL INFORMATION
fixed length control field 090721e20090720xxk f v 000 0 eng d
035 ## - SYSTEM CONTROL NUMBER
System control number (Sirsi) u148077
041 0# - LANGUAGE CODE
Language code of text/sound track or separate title eng
245 04 - TITLE STATEMENT
Title Jonathan Bown v Bristol City Council
Medium [electronic resource]
260 ## - PUBLICATION, DISTRIBUTION, ETC.
Date of publication, distribution, etc. 2009
520 ## - SUMMARY, ETC.
Summary, etc. [2009] EWHC 1747 (Admin), 20 July 2009. The case relates to the seeking by the Claimant (B) of an order under the Town and Country Planning Act 1990 S288 to quash a Woodland Tree Preservation Order (TPO) made by the Defendant (C) in respect of an area of woodland. D had previously worked for C as an arboricultural Officer and was against the imposition of a TPO by C. The Court has to consider whether B could be classed as an "aggrieved" person under S288 and therefore had a right to bring a claim. "Held": Claim dismissed. B is not an "aggrieved" person under S288 of The Act.
590 ## - LOCAL NOTE (RLIN)
Local note KA
650 24 - SUBJECT ADDED ENTRY--TOPICAL TERM
Topical term or geographic name entry element BOWN V BRISTOL CITY COUNCIL
650 24 - SUBJECT ADDED ENTRY--TOPICAL TERM
Topical term or geographic name entry element ECO-ENERGY (GB) LTD V FIRST SOS AND ORS
650 24 - SUBJECT ADDED ENTRY--TOPICAL TERM
Topical term or geographic name entry element TOWN AND COUNTRY PLANNING ACT 1990 S288
651 #4 - SUBJECT ADDED ENTRY--GEOGRAPHIC NAME
Geographic name England and Wales
Chronological subdivision 1543-
690 ## - LOCAL SUBJECT ADDED ENTRY--TOPICAL TERM (OCLC, RLIN)
Topical term or geographic name as entry element ENVIRONMENTAL AND LAND CONSULTANCY-PLANNING AND DEVELOPMENT-DEVELOPMENT CONTROL
856 40 - ELECTRONIC LOCATION AND ACCESS
Uniform Resource Identifier <a href="https://www.bailii.org/ew/cases/EWHC/Admin/2009/1747.html">https://www.bailii.org/ew/cases/EWHC/Admin/2009/1747.html</a>
Public note View the case free of charge at www.bailli.org...
942 ## - ADDED ENTRY ELEMENTS (KOHA)
Suppress in OPAC 0
Holdings
Withdrawn status Lost status Source of classification or shelving scheme Damaged status Not for loan Home library Current library Shelving location Date acquired Total Checkouts Full call number Barcode Date last seen Copy number Price effective from Koha item type
    Dewey Decimal Classification     Virtual Virtual Online 21/07/2009   ONLINE PUBLICATION 148077-2001 06/08/2019 1 06/08/2019 Law report